Central Library OPAC University of Rajshahi

International relations between the two world wars, 1919-1939. (Record no. 41773)

MARC details
000 -LEADER
fixed length control field 01082nam a2200289 a 4500
001 - CONTROL NUMBER
control field 41773
003 - CONTROL NUMBER IDENTIFIER
rucl marc code BD-RjUL
005 - DATE AND TIME OF LATEST TRANSACTION
control field 20211209053440.0
008 - FIXED-LENGTH DATA ELEMENTS--GENERAL INFORMATION
fixed length control field 160606s1947 enkb a 001 0 eng c
035 ## - SYSTEM CONTROL NUMBER
System control number (BD-RjUL)
System control number (OCoLC)6260625
040 ## - CATALOGING SOURCE
Original cataloging agency Harvard Univ. Libr.
Transcribing agency OUrC
Modifying agency OCoLC
-- DLC
Language of cataloging eng
041 ## - LANGUAGE CODE
Language code of text/sound track or separate title eng
082 00 - DEWEY DECIMAL CLASSIFICATION NUMBER
Classification number 909.82
Edition number 23
Author mark and year CAI 1967
100 1# - MAIN ENTRY--PERSONAL NAME
Personal name Carr, Edward Hallett,
Dates associated with a name 1892-1982.
9 (RLIN) 119255
245 10 - TITLE STATEMENT
Title International relations between the two world wars, 1919-1939.
260 ## - PUBLICATION, DISTRIBUTION, ETC. (IMPRINT)
Place of publication, distribution, etc. London :
Name of publisher, distributor, etc. Macmillan,
Date of publication, distribution, etc. 1947.
300 ## - PHYSICAL DESCRIPTION
Pagination viii, 302 p. :
Illustrations ill. ;
Size 19 cm.
500 ## - GENERAL NOTE
General note "First published under the title 'International relations since the peace treaties.'"
505 2# - FORMATTED CONTENTS NOTE
Formatted contents note Appendices:--1. The Monroe doctrine.--2. Wilson's fourteen points.--3. Extracts from the Covenant of the League of Nations.
610 20 - SUBJECT ADDED ENTRY--CORPORATE NAME
Corporate name or jurisdiction name as entry element League of Nations.
650 #0 - SUBJECT ADDED ENTRY--TOPICAL TERM
Topical term or geographic name as entry element World politics.
9 (RLIN) 128335
Topical term or geographic name as entry element World War, 1914-1918
General subdivision Influence.
9 (RLIN) 117399
651 #0 - SUBJECT ADDED ENTRY--GEOGRAPHIC NAME
Geographic name Europe
General subdivision Politics and government
Chronological subdivision 1918-1945.
9 (RLIN) 128336
942 ## - ADDED ENTRY ELEMENTS (KOHA)
Source of classification or shelving scheme Dewey Decimal Classification
Koha item type Books
Holdings
Lost status Source of classification or shelving scheme Damaged status Not for loan Collection code Permanent Location Current Location Shelving location Date acquired Source of acquisition Cost, normal purchase price Total Checkouts Full call number Date last seen Copy number Koha item type Date checked out
  Dewey Decimal Classification     Non-fiction Central Library, University of Rajshahi Central Library, University of Rajshahi   01/01/1975 Janalthan Wrem S-Co. , London 150.00   909.82 CAI 1967 06/06/2016 C-2 Books  
  Dewey Decimal Classification     Non-fiction Central Library, University of Rajshahi Central Library, University of Rajshahi   01/01/1975 Janalthan Wrem S-Co. , London 150.00   909.82 CAI 1967 06/06/2016 C-3 Books  
  Dewey Decimal Classification     Non-fiction Central Library, University of Rajshahi Central Library, University of Rajshahi   01/01/1975 Janalthan Wrem S-Co. , London 150.00   909.82 CAI 1967 06/06/2016 C-4 Books  
  Dewey Decimal Classification     Non-fiction Central Library, University of Rajshahi Central Library, University of Rajshahi   01/01/1975 Janalthan Wrem S-Co. , London 150.00   909.82 CAI 1967 06/06/2016 C-5 Books  
  Dewey Decimal Classification     Non-fiction Central Library, University of Rajshahi Central Library, University of Rajshahi   01/01/1975 Janalthan Wrem S-Co. , London 150.00 1 909.82 CAI 1967 05/05/2018 C-6 Books 17/04/2018
  Dewey Decimal Classification     Non-fiction Central Library, University of Rajshahi Central Library, University of Rajshahi   01/01/1975 Janalthan Wrem S-Co. , London 150.00   909.82 CAI 1967 06/06/2016 C-7 Books  
  Dewey Decimal Classification     Non-fiction Central Library, University of Rajshahi Central Library, University of Rajshahi   01/01/1975 Janalthan Wrem S-Co. , London 150.00   909.82 CAI 1967 06/06/2016 C-8 Books  
  Dewey Decimal Classification     Non-fiction Central Library, University of Rajshahi Central Library, University of Rajshahi   01/01/1975 Janalthan Wrem S-Co. , London 150.00   909.82 CAI 1967 06/06/2016 C-9 Books  
  Dewey Decimal Classification     Non-fiction Central Library, University of Rajshahi Central Library, University of Rajshahi   01/01/1975 Janalthan Wrem S-Co. , London 150.00   909.82 CAI 1967 06/06/2016 C-10 Books  
  Dewey Decimal Classification   Not For Loan Non-fiction Central Library, University of Rajshahi Central Library, University of Rajshahi Reading Room 23/09/1955 B.H.Blackwell 105.00   909.82 CAI 1952 27/07/2016 C-1 Books